25 Influential Politicians Quiz Stats

 Plays Quiz not verified by Sporcle

Challenge
Share
Tweet
Embed
Score 0/25 Timer 06:00
0 Plays Today
Life Politicians % Correct
1809-1865Abraham Lincoln
97.9%
1882-1945Franklin Roosevelt
95.7%
1743-1826Thomas Jefferson
93.8%
1732-1799George Washington
90.3%
1911-2004Ronald Reagan
88.5%
1917-1963John Kennedy
86.2%
1706-1790Benjamin Franklin
82.7%
1858-1919Theodore Roosevelt
81.9%
1735-1826John Adams
79.6%
1908-1973Lyndon Johnson
75.5%
1755-1804Alexander Hamilton
73%
1913-1994Richard Nixon
70.4%
1890-1969Dwight Eisenhower
67.7%
Life Politicians % Correct
1946-presentBill Clinton
63.8%
1751-1836James Madison
53.7%
1856-1924Woodrow Wilson
48.8%
1767-1845Andrew Jackson
41.2%
1932-2009Ted Kennedy
40.7%
1884-1972Harry Truman
36.8%
1860-1925William Jennings Bryan
22.8%
1782-1862Martin Van Buren
21.4%
1908-1957Joseph McCarthy
21%
1923-presentHenry Kissinger
18.1%
1941-presentDick Cheney
16.3%
1808-1889Jefferson Davis
10.5%

You're not logged in!

Compare scores with friends on all Sporcle quizzes.
Join for Free
OR
Log In

You Might Also Like...

Show Comments

Extras

Top Quizzes Today


Score Distribution

Your Account Isn't Verified!

In order to create a playlist on Sporcle, you need to verify the email address you used during registration. Go to your Sporcle Settings to finish the process.

Report this User

Report this user for behavior that violates our Community Guidelines.

Details: